Poder y prosperidad : la superación de las dictaduras comunistas y capitalistas /
Estudio que busca responder la interrogante del por qué algunas economías son exitosas, mientras que otras fracasan y cómo es que las diferentes formas de gobierno influyen en el momento de promover u obstaculizar el crecimiento económico. El autor afirma que el gobierno puede desempeñar un papel es...
Guardado en:
| Hovedforfatter: | |
|---|---|
| Format: | Bog |
| Sprog: | spansk |
| Udgivet: |
Madrid, España :
Siglo XXI,
2000, c2000
|
| Fag: | |
| Tags: |
Ingen Tags, Vær først til at tagge denne postø!
|
MARC
| LEADER | 00000nam^a2200000^a^4500 | ||
|---|---|---|---|
| 001 | 000138100 | ||
| 005 | 20250521000000.0 | ||
| 009 | 20260310095418.482 | ||
| 020 | |a 84-323-1061-1 | ||
| 037 | |a Acervo ITESO - Biblioteca | ||
| 041 | |a ESP | ||
| 082 | |a 339. 4 |b OLS | ||
| 100 | |a Olson, Mancur |e (autor) | ||
| 245 | 1 | 0 | |a Poder y prosperidad : |b la superación de las dictaduras comunistas y capitalistas / |c M. Olson ; Pról. de Charles Cadwell ; tr. por Antonio Resines Rodríguez, Heminia Bevio Villalba. |
| 264 | 4 | |a Madrid, España : |b Siglo XXI, |c 2000, c2000 | |
| 300 | |a 249 p. | ||
| 336 | |a texto |b txt |2 rdacontenido | ||
| 337 | |a sin mediación |b n |2 rdamedio | ||
| 338 | |a volumen |b nc |2 rdasoporte | ||
| 500 | |a Traducción de: Power and Prosperity. Outgrowing Communist and Capitalist Dictatorships | ||
| 520 | |a Estudio que busca responder la interrogante del por qué algunas economías son exitosas, mientras que otras fracasan y cómo es que las diferentes formas de gobierno influyen en el momento de promover u obstaculizar el crecimiento económico. El autor afirma que el gobierno puede desempeñar un papel esencial en el desarrollo del mercado, y desarrolla en esta obra un marco teórico para la reflexión acerca de la evolución del gobierno y de la política económica contemporánea. | ||
| 649 | |a XX | ||
| 650 | |a Proteccionismo | ||
| 650 | |a Corrupción | ||
| 650 | |a Poder (Ciencias Sociales) | ||
| 650 | |a Economía - |x Teoría | ||
| 650 | |a Desarrollo Económico-Social | ||
| 650 | |a Macroeconomía | ||
| 650 | |a Sociología de la Economía | ||
| 910 | |a Fondo General | ||
| 920 | |a Impresos - Libros | ||
| 930 | |a Colección General | ||
| 905 | |a 101 | ||
| 901 | |a 0500067909 |b IT1 |c ACC |u 20250521 | ||
| 902 | |a https://opac.biblio.iteso.mx/vufind/Record/000138100 | ||